| 000 | 00676nam a22001337a 4500 | ||
|---|---|---|---|
| 040 | _cRUA | ||
| 082 | _aVEM KOR 2024 B1.330 Or.1 | ||
| 100 | _aKORB SEYHA, កប សីហា | ||
| 245 | _aGastro-Intestinal parasites in chicken At Snayanhcit commune, Chumkirict, kampot province, បរាសិតក្នុងប្រដាប់រំលាយអាហារមាន់នៅឃុំស្នាយអញ្ចិត ស្រុកជុំគីរី ខេត្តកំពត, | ||
| 260 |
_aPHNOM PENH _bRUA _c2024 |
||
| 300 |
_axii, _bill, _c29cm, |
||
| 856 | _uhttps://drive.google.com/file/d/1hH9p3YpZ5XDmLxYqQ_5Rd-KbTuILLWr8/view?usp=sharing | ||
| 942 | _cVEM | ||
| 999 |
_c24738 _d24738 |
||